000
00263nam a22001217a 4500
082
_a
825
_b
THA/B
100
_a
THAMPSON,WALTER
245
_a
BETTER SPEECHES MADE EASY
260
_a
DELHI
_b
GOYAL PUBLISHERS
300
_a
136
650
_a
SPEECH
_z
DELHI
942
_c
BK
999
_c
3629
_d
3629